Las convenciones nacionales fiscales y el federalismo fiscal en México

Guardat en:
Dades bibliogràfiques
Autor principal: Serna de la Garza, José María
Autor corporatiu: e-libro, Corp
Format: eBook
Idioma:espanyol
Publicat: Mexico : Instituto de Investigaciones Jurídicas - UNAM, 2004.
Edició:1a. ed.
Col·lecció:Estudios jurídicos ; 55
Matèries:
Accés en línia:https://elibro.unach.elogim.com/es/lc/unach/titulos/74409
Etiquetes: Afegir etiqueta
Sense etiquetes, Sigues el primer a etiquetar aquest registre!

MARC

LEADER 00000nam a2200000 a 4500
001 ELB74409
003 FlNmELB
006 m o d |
007 cr cn|||||||||
008 201010r2004 mx |||||s|||||||||||spa d
020 |z 9703214452 
035 |a (MiAaPQ)EBC3191138 
035 |a (Au-PeEL)EBL3191138 
035 |a (CaPaEBR)ebr10418405 
035 |a (OCoLC)929293289 
040 |a FlNmELB  |b spa  |c FlNmELB 
050 4 |a KGF4550  |b S486 2004 
080 |a 336.2 
082 0 4 |a 343.7203  |2 21 
100 1 |a Serna de la Garza, José María. 
245 1 4 |a Las convenciones nacionales fiscales y el federalismo fiscal en México  |h [recurso electronico] /  |c José María Serna de la Garza. 
250 |a 1a. ed. 
260 |a Mexico :  |b Instituto de Investigaciones Jurídicas - UNAM,  |c 2004. 
300 |a x, 112 p. 
440 0 |a Estudios jurídicos ;  |v 55 
533 |a Recurso electrónico. Santa Fe, Arg.: e-libro, 2015. Disponible vía World Wide Web. El acceso puede estar limitado para las bibliotecas afiliadas a e-libro. 
650 0 |a Finance, Public  |x Law and legislation  |z Mexico. 
650 0 |a Taxation  |x Law and legislation  |z Mexico. 
650 0 |a Intergovernmental fiscal relations  |z Mexico. 
650 0 |a Finanza pública  |x Legislación  |z México. 
650 0 |a Tributación  |x Legislación  |z México. 
655 4 |a Libros electrónicos. 
710 2 |a e-libro, Corp. 
856 4 0 |u https://elibro.unach.elogim.com/es/lc/unach/titulos/74409